000 00284nam a22001337a 4500
008 170525b xxu||||| |||| 00| 0 eng d
020 _a0818607505
041 _aeng
080 _a62
100 _a26
101 _aIM
245 _aSOFTWARE REUSABILITY
_cFREEMAN,P
942 _2udc
_cBK
999 _c14233
_d14233